000
00498nam a2200181Ia 4500
008
090122s9999 xx 000 0 und d
082
_b
9251
100
_a
आपटे
_b
प्रदीप
245
_a
ज्ञानबोध
260
_b
त्रिदल
_c
1997
300
_a
192
501
_a
"कोऱ्हाळकर, भेट"
600
_a
आपटे
630
_a
ज्ञानबोध
700
_a
आपटे
730
_a
ज्ञानबोध
942
_c
BOOK
999
_c
33328
_d
33328